000 01076nac a22003377a 4500
001 BR8905345
003 BR-BrBNA
005 20240105121019.0
008 230509b bl.|||m| |||| 00| 0 por d
040 _aBR-BrBNA
_bpor
_cBiblioteca Nacional de Agricultura
072 _aP35; P33; F04
090 _a3840 BR8905345
100 1 _aNunes, M.R.
100 1 _aEichler, V.
110 1 _aEmpresa Goiana de Pesquisa Agropecuaria, Goiania, GO (Brasil)
245 1 _aEfeitos de gesso e calcario em algumas caracteristicas quimicas do perfil de oxissolos. 1. pH e saturacao de aluminio
260 3 _aGoiania, GO (Brasil):
_c1989.
300 _a15 p.
490 _aPesquisa em Andamento - Empresa Goiana de Pesquisa Agropecuaria (Brazil)
_vno. 40
_xISSN 0102-0773
500 _a8 graphs; 9 ref.
650 _aOXISOL
650 _aPERFIL DO SOLO
650 _aACIDEZ DO SOLO
650 _aGESSO
650 _aCALCARIO
650 _aALUMINIO
650 _aCALAGEM
650 _aCERRADO
909 _a202312
_bLúcia Elande
_c55
_dLúcia Elande
942 _2AGRIS
_n0
_cMS
999 _c282778
_d282778